Sm︢ulas do TST comentadas 2017

Detalles Bibliográficos
Autor principal: Carneiro Pinto, Raymundo Antonio
Formato: eBook
Lenguaje:portugués
Publicado: San Pablo: LTR, 2017
Materias:
Acceso en línea:Acceso restringido

MARC

LEADER 00000nam a22000007a 4500
005 20180407221539.0
007 cr|||| ||||
008 180407s2017 br |||||s|||| 00||0 por d
020 |a 978-85-361-9404-2 
035 |a 21352 
040 |a vLex 
090 |c 7695  |d 7695 
100 1 |a Carneiro Pinto, Raymundo Antonio 
245 1 0 |a Sm︢ulas do TST comentadas 2017  |h [Recurso electrn̤ico] /  |c Raymundo Antonio Carneiro Pinto 
256 |a Servicio en ln̕ea 
260 |a San Pablo:  |b LTR,  |c 2017 
300 |a 1 recurso electrn̤ico 
500 |a Como sempre, esta nova ediȯ̂ do livro Sm︢ulas do TST Comentadas foi cuidadosamente revista, atualizada e ampliada. O seu autor – desembargador baiano Raymundo Antonio Carneiro Pinto – nô somente procurou comentar as mais recentes sm︢ulas aprovadas desde a ediȯ̂ anterior e as que tiveram a redaȯ̂ alterada. Tambm̌ reviu os comentr̀ios referentes q̉uelas cuja interpretaȯ̂ sofreu a influn̊cia de mudanȧs na legislaȯ̂ e na jurisprudn̊cia. Destacam-se, entre essas modificaė̳s ocorridas, a entrada em vigor, no ano passado, do novo Cd̤igo de Processo Civil, e, sobretudo, a recente aprovaȯ̂ da Lei n. 13.467, de 13.7.17, conhecida como Reforma Trabalhista, que alterou muitos dispositivos da CLT e acrescentou outros tantos. É evidente que tais numerosas mudanȧs irô ter imediatos reflexos na jurisprudn̊cia dos tribunais. Vr̀ias sm︢ulas, com certeza, serô revistas pelo TST, tendo o autor da obra destacado, em seus comentr̀ios, esse aspecto, assinalando ainda os pontos mais importantes da citada Reforma que vô forȧr as novas tendn̊cias jurisprudenciais que emergirô.  O Anexo do livro, nesta ediȯ̂, teve igualmente de sofrer alteraė̳s, pois houve necessidade de registrar a aprovaȯ̂ de novas OJs, o cancelamento de algumas, a mudanȧ redacional de outras e a conversô em sm︢ulas de vr̀ias delas. 
506 1 |a Disponible solo en los productos indicados  |d vLex Global  |d vLex Global (Academic Edition, excluding Law Schools)  |d vLex Global (U.S. Academic Edition, Law Schools)  |d vLex Global (U.S. Academic Edition, excluding Law Schools)  |d vLex Global (Academic Edition, Law Schools) 
650 0 4 |a Derecho Laboral y Seguridad Social  |z Brasil 
650 0 4 |a Derecho Procesal  |z Brasil 
650 0 4 |a Procedimiento Laboral  |z Brasil 
740 0 |a vLex Libros (Servicio en ln̕ea) 
856 4 0 |u http://vlex.com/source/sumulas-do-tst-comentadas-2017-21352  |z Acceso restringido 
942 |c BOOK 
999 0 |a Labor Law and Social Security 
999 0 |a Procedural Law 
999 0 |a Labor Procedure